| 000 | 00527nam a2200169Ia 4500 | ||
|---|---|---|---|
| 008 | 220216s9999 xx 000 0 und d | ||
| 100 | _aSethuraj M.R. | ||
| 245 | 0 | _aYield component analysis in a few clones of Hevea brasiliensis | |
| 260 |
_bInternational Rubber Conference, 23-28 November 1980, Rubber Research Institute of India, Kottayam, India. _c1980 |
||
| 650 | _aClone | ||
| 650 | _aYield | ||
| 650 | _aYield component | ||
| 700 | _aKrishnaswamy N.P. | ||
| 700 |
_aMani _BK.T. |
||
| 700 | _aRao G.G. | ||
| 942 | _cBS | ||
| 999 |
_c50599 _d50599 |
||